Història dels moviments nacionalistes / A. Rovira i Virgili ; pròleg de Pere Coromines
Descripción Física:
3 v. ; 20 cm
Colección:
Societat Catalana d'Edicions ; 7-8
Otros Autores:
Coromines, Pere, 1870-1939
Materias:
Nacionalisme -- Europa -- Història
MARC
| LEADER | 00000nam a2200000Ia 4500 | ||
|---|---|---|---|
| 001 | 14649, 14650 | ||
| 008 | 160829s1912 - [1914] xx 000 0 cat d | ||
| 080 | |a M-4-254, M-4-255 | ||
| 100 | 1 | |a Rovira i Virgili, Antoni, |d 1882-1949 |9 25588 | |
| 245 | |a Història dels moviments nacionalistes / A. Rovira i Virgili ; pròleg de Pere Coromines | ||
| 260 | |a Barcelona : |b Societat Catalana d'Edicions, |c 1912 - [1914] | ||
| 300 | |a 3 v. ; |c 20 cm | ||
| 490 | |a Societat Catalana d'Edicions ; 7-8 | ||
| 590 | |a Notes, referències bibliogràfiques. | ||
| 590 | |a Conté: v. 1: Finlàndia, Polònia, Lituània, Ukrània, Eslesvig, Alsàcia-Lorena, Flandes; v. 2: Bohèmia, Eslovàquia, Eslovènia, Triestre & Trenti, Croàcia, Hongria, Transilvània | ||
| 650 | |a Nacionalisme |x Europa |x Història |9 30236 | ||
| 700 | 1 | |a Coromines, Pere, |d 1870-1939 |e autor del pròleg |9 35575 | |
| 901 | |a Arxiu | ||
| 942 | |n 1 |2 udc | ||
| 952 | |0 0 |1 0 |4 0 |6 M4254_M4255 |7 1 |9 45342 |a Arxiu |b Arxiu |d 2016-12-01 |l 0 |o M-4-254, M-4-255 |p 14649, 14650 |r 2016-12-01 00:00:00 |w 2016-12-01 |y ARXIU | ||
| 999 | |c 48416 |d 48416 | ||